000 00587nam a22001577a 4500
999 _c12321
_d12321
008 190122b ||||| |||| 00| 0 eng d
020 _a971-550-279-2
082 _2©1982
_aDFil 306.09599
_bP53
245 _aPhilippine social history:
_bGlobal trade and local transformations/
_cedited by Alfres w. McCoy & Ed C. de Jesus
260 _aQuezon City:
_bAteneo de Manila University Press,
_c©1982
300 _aix, 479 pages:
_billustrations;
_c23 cm.
500 _aIncludes index.
650 _aSocial history
_98425
650 _aSocial conditions
_zPhilippines
_913085
942 _2ddc
_cDFIL